000 00589 a2200205 4500
001 133856
020 _a85-02-02290-3
040 _cLeonardo Da Vinci
041 _aInglês
082 _aLI L556b
_bL556b
100 _aLEITES, Sônia
245 _aThe Blonde and the Tramp
_blivro do professor
260 _bSaraiva
_c1997
_aSão Paulo
300 _a24
362 _a19970000
490 _aConfidential - Level 1
500 _aMiguel Angel Fernandez (Ilustração)
_aInclui encarte com atividades
697 _aLiteratura infanto-juvenil
_aLiteratura juvenil
_aInglês
942 _cBK
999 _c133856
_d133856